ბათუმის შოთა რუსთაველის სახელმწიფო უნივერსიტეტის ბიბლიოთეკა

ზოგადი და არაორგანული ქიმია : (ბიბ.ჩანაწერი № 53514)

000 -ლიდერი
ფიქსირებული სიგრძის საკონტროლო ველი 01460nam a2200277Ia 4500
001 - საკონტროლო ნომერი
საკონტროლო ველი 20560
003 - საკონტროლო ნომრის იდენტიფიკატორი
საკონტროლო ველი GE_BSU
005 - ბოლო ოპერაციის თარიღი და დრო
საკონტროლო ველი 20210220093527.0
008 - ფიქსირებული სიგრძის მონაცემთა ელემენტები - ზოგადი ინფორმაცია
ფიქსირებული სიგრძის საკონტროლო ველი 181216s2011||||ge |||||||||||||| ||geo||
020 ## - წიგნის საერთაშორისო სტანდარტული ნომერი
International Standard Book Number ISBN : 978-9941-13-214-8
040 ## - კატალოგიზაციის წყარო
Transcribing agency GE_BSU
041 ## - ენის კოდი
Language code of text/sound track or separate title geo
080 ## - უნივერსალური ათობითი კლასიფიკაციის ინდექსი
Universal Decimal Classification number 546(075.8) გ-51
100 ## - მთავარი ჩანაწერი - პიროვნების სახელი
Personal name გიორგაძე, ქრისტინე
9 (RLIN) 632
245 ## - ცნობა სათაურის შესახებ
Title ზოგადი და არაორგანული ქიმია :
Remainder of title ნაწ. 2. ქიმიური ელემენტები /
Statement of responsibility, etc ქრისტინე გიორგაძე, ნოდარ ლეკიშვილი ; რედ. გ. ჩაჩავა, მაია რუსია.
264 ## - წარმოების, გამოცემის, დისტრიბუციის და სხვა ცნობები
გამოცემის, წარმოების, დისტრიბუციის... ადგილი თბილისი :
გამოცემის, წარმოების, დისტრიბუციის... სახელწოდება თბილ. უნ-ტის გამ-ბა,
გამოცემის, წარმოების, დისტრიბუციის... თარიღი 2011.
300 ## - ფიზიკური აღწერა
Extent 232 გვ. ;
Dimensions 25 სმ.
504 ## - BIBLIOGRAPHY, ETC. NOTE
Bibliography, etc ბიბლ. გვ. 230
653 ## - INDEX TERM--UNCONTROLLED
Uncontrolled term ზოგადი და არაორგანული ქიმია
700 ## - ADDED ENTRY--PERSONAL NAME
Personal name ლეკიშვილი, ნოდარ
Relator term ავტორი
9 (RLIN) 10154
700 ## - ADDED ENTRY--PERSONAL NAME
Personal name ჩაჩავა, გ.
Relator term რედაქტორი
9 (RLIN) 10155
700 ## - ADDED ENTRY--PERSONAL NAME
Personal name რუსია, მაია
Relator term რედაქტორი
9 (RLIN) 634
710 ## - ADDED ENTRY--CORPORATE NAME
Corporate name or jurisdiction name as entry element ივანე ჯავახიშვილის სახელობის თბილისის სახელმწიფო უნივერსიტეტი
9 (RLIN) 10156
942 ## - ADDED ENTRY ELEMENTS (KOHA)
Koha item type წიგნი
Source of classification or shelving scheme
ეგზემპლარები
ჩამოწერის სტატუსი დაკარგული ეგზემპლარის სტატუსი კლასიფიკაციის წყარო ან თაროზე გაწყობის სქემა დაზიანების სტატუსი არ გაიცემა მუდმივი მდებარეობა (დაცვის ადგილი) ამჟამინდელი ადგილსამყოფელი თაროზე განთავსების ადგილი შეძენის თარიღი ღირებულება, შესყიდვის ნორმალური ფასი სრული შენახვის შიფრი შტრიხკოდი ბოლო ოპერაციის თარიღი ეგზემპლარის მიმდევრობითი ნომერი (კეტერი?) ფასის ძალაში შესვლის თარიღი ეგზემპლარის სახეობა საჯარო შენიშვნა
          ბათუმის შოთა რუსთაველის სახელმწიფო უნივერსიტეტის მთავარი ბიბლიოთეკა ბათუმის შოთა რუსთაველის სახელმწიფო უნივერსიტეტის მთავარი ბიბლიოთეკა წიგნსაცავი 2018-12-17 23.00 546(075.8) გ-51 53748 2018-12-17 53748 2018-12-17 წიგნი 23.00 ლ.
          ბათუმის შოთა რუსთაველის სახელმწიფო უნივერსიტეტის მთავარი ბიბლიოთეკა ბათუმის შოთა რუსთაველის სახელმწიფო უნივერსიტეტის მთავარი ბიბლიოთეკა წიგნსაცავი 2018-12-17 23.00 546(075.8) გ-51 53749 2018-12-17 53749 2018-12-17 წიგნი 23.00 ლ.